Niños inteligentes con problemas escolares : todo lo que usted debe saber y consejos prácticos para ayudarlos /
Explicación de medios para diagnosticar y abordar problemas de aprendizaje en niños superdotados y alumnos que sin alcanzar dichos grados de dotación intelectual, su inteligencia queda encubierta por las dificultades de aprendizaje. El núcleo del trabajo lo integra una sección dedicada a examinar el...
Gardado en:
| Autor Principal: | |
|---|---|
| Formato: | Libro |
| Idioma: | Lingua castelá |
| Publicado: |
México :
Diana,
1997, c1997
|
| Temas: | |
| Etiquetas: |
Sen Etiquetas, Sexa o primeiro en etiquetar este rexistro!
|
MARC
| LEADER | 00000nam^a2200000^a^4500 | ||
|---|---|---|---|
| 001 | 000271953 | ||
| 005 | 20250620000000.0 | ||
| 008 | 080208 19971997 | ||
| 009 | 20260310111044.907 | ||
| 020 | |a 968-13-3007-2 | ||
| 025 | |a Donación sin dato, 1 ejemplar | ||
| 037 | |a Acervo ITESO - Biblioteca | ||
| 041 | |a ESP | ||
| 082 | |a 371. 95 |b VAI | ||
| 100 | |a Vail, Priscilla L. |e (autor) | ||
| 245 | 1 | 0 | |a Niños inteligentes con problemas escolares : |b todo lo que usted debe saber y consejos prácticos para ayudarlos / |c P.L. Vail ; tr. por Mercedes Córdoba. |
| 264 | 4 | |a México : |b Diana, |c 1997, c1997 | |
| 300 | |a 310 p. | ||
| 336 | |a texto |b txt |2 rdacontenido | ||
| 337 | |a sin mediación |b n |2 rdamedio | ||
| 338 | |a volumen |b nc |2 rdasoporte | ||
| 500 | |a Traducción de: Smart Kids with School Problems: Things to Know and Ways to Help | ||
| 520 | |a Explicación de medios para diagnosticar y abordar problemas de aprendizaje en niños superdotados y alumnos que sin alcanzar dichos grados de dotación intelectual, su inteligencia queda encubierta por las dificultades de aprendizaje. El núcleo del trabajo lo integra una sección dedicada a examinar el buen funcionamiento y las deficiencias específicas en el aprendizaje visual; la función motriz; el aprendizaje auditivo; la relación del aprendizaje con el lenguaje y la disposición psicológica hacia el trabajo escolar. | ||
| 649 | |a XX | ||
| 650 | |a Niños | ||
| 650 | |a Alumnos Talentosos - |x Tema Principal | ||
| 650 | |a Problemas de Aprendizaje - |x Tema Principal | ||
| 650 | |a Aprendizaje | ||
| 650 | |a Proceso Educativo | ||
| 650 | |a Educación | ||
| 910 | |a Fondo General | ||
| 920 | |a Impresos - Libros | ||
| 930 | |a Colección General | ||
| 905 | |a 101 | ||
| 901 | |a 0500157578 |b IT1 |c ACC |d DT |i D |u 20250620 | ||
| 902 | |a https://opac.biblio.iteso.mx/vufind/Record/000271953 | ||